Airlines at MCO - Statistics

General Stats
  • This quiz has been taken 86 times
  • The average score is 24 of 43
Answer Stats
Answer % Correct
American
98%
Delta
98%
United
96%
Southwest
91%
British Airways
89%
Spirit
89%
Jetblue
86%
Aeromexico
84%
Alaska
80%
LATAM Brasil
80%
LATAM Peru
80%
Frontier
79%
Lufthansa
79%
Avianca
77%
Westjet
75%
Aer Lingus
73%
Copa
73%
Virgin Atlantic
70%
Emirates
68%
Sun Country
61%
Volaris
59%
Air canada Rouge
55%
Air transat
55%
Bahamasair
54%
Icelandair
54%
Azul
50%
GOL
50%
Aerolineas Argentinas
46%
Sunwing
46%
Silver
45%
VivaAerobus
41%
Norwegian
39%
Edelweiss
38%
Swoop
29%
Interjet
25%
UPS
21%
Aeromexico Connect
20%
Fedex
20%
Delta connection
18%
DHL
18%
Amerijet
14%
Kalitta
11%
Carribean airlines
9%
No matching quizzes found
Score Distribution
Percent of People with Each Score
Percentile by Number Answered
Your Score History
You have not taken this quiz